[Event "KOS-ch"]
[Site "Pristina"]
[Date "2020.10.11"]
[Round "2"]
[White "Krasniqi, Avni"]
[Black "Saraci, Korab"]
[Result "0-1"]
[WhiteElo "1850"]
[BlackElo "2091"]
[PlyCount "161"]
[EventDate "2020.10.10"]
[EventType "swiss"]
[EventRounds "9"]
[EventCountry "KOS"]
[SourceTitle "EXT 2022"]
[Source "ChessBase"]
[SourceDate "2021.10.06"]
[SourceVersion "1"]
[SourceVersionDate "2021.10.06"]
[SourceQuality "1"]

1. d4 Nf6 2. Nf3 e6 3. Bf4 c5 4. e3 Qb6 5. b3 Nc6 6. Be2 Nd5 7. dxc5 Bxc5 8. 0-0 Nxf4 9. exf4 Nd4 10. c3 Nxf3+ 11. Bxf3 0-0 12. Nd2 Qc7 13. g3 Rb8 14. Ne4 Be7 15. c4 Ba3 16. Qd3 h6 17. Rab1 Be7 18. Rfd1 Qa5 19. Nd6 Qxa2 20. Ra1 Qb2 21. Rxa7 b5 22. c5 b4 23. Nxc8 Bxc5 24. Ne7+ Bxe7 25. Rxd7 Bf6 26. Kg2 Qc3 27. Bh5 Rbc8 28. Qf3 g6 29. Qg4 Qc6+ 30. Kg1 Qe4 31. Qe2 Qc2 32. Qxc2 Rxc2 33. Bf3 Rb2 34. R1d3 Rc8 35. Bd1 Rc1 36. Kg2 Bc3 37. h4 Be1 38. Rf3 Rc3 39. h5 gxh5 40. Rdd3 Rxd3 41. Rxd3 Rxf2+ 42. Kh3 h4 43. Re3 Bd2 44. Rd3 f5 45. Bh5 hxg3 46. Kxg3 Be1 47. Rd8+ Kg7 48. Rd7+ Kf8 49. Rf7+ Kg8 50. Rf6 Rb2+ 51. Kf3 Rxb3+ 52. Ke2 Bc3 53. Rxe6 Rb1 54. Kd3 Rf1 55. Rxh6 Rxf4 56. Bd1 Rd4+ 57. Kc2 Rd2+ 58. Kc1 Kg7 59. Rb6 f4 60. Rc6 Rh2 61. Kb1 Rf2 62. Bg4 Rf1+ 63. Kc2 f3 64. Kd3 Be1 65. Ke3 f2 66. Rc7+ Kf6 67. Rc8 Rg1 68. Be2 Ke7 69. Rc7+ Kd6 70. Rf7 Kc5 71. Rf5+ Kb6 72. Rf6+ Kc7 73. Rf7+ Kd6 74. Rf3 Ke5 75. Bc4 Rg7 76. Ke2 Kd4 77. Bb3 Re7+ 78. Kf1 Ra7 79. Bg8 Ra3 80. Rf8 Rg3 81. Rb8 0-1